| 000 | 00626nam a2200217 a 4500 | ||
|---|---|---|---|
| 001 | 000043386 | ||
| 005 | 20201002040852.0 | ||
| 008 | 140312s1985 sp 000 f spa d | ||
| 020 | _a8472232158 | ||
| 040 |
_aDO-SdBNP _bspa _cBNPHU |
||
| 082 |
_axxx _bD952a, 1985 |
||
| 100 | 1 |
_aDuras, Margarite, _d1914- _971048 |
|
| 245 | 1 | 3 |
_aEl amante / _cMargarite Duras. |
| 250 | _a8a ed. | ||
| 260 |
_aBarcelona : _bTusquets, _c1985. |
||
| 300 |
_a146 p. ; _c21 cm. |
||
| 490 | 1 |
_aAndanzas _v15 |
|
| 500 | _aIncluye datos biográficos de la autora en la solapa | ||
| 590 | _aInventariado, 2019/VM | ||
| 830 | 0 |
_aAndanzas ; _n15 _971049 |
|
| 999 |
_c42875 _d42875 |
||